Synthesis and properties of Romandolide analogues
Uložené v:
| Hlavný autor: | |
|---|---|
| Ďalší autori: | |
| Médium: | Rukopis Kniha |
| Jazyk: | Slovak English |
| Vydavateľské údaje: |
2023
|
| Predmet: | |
| On-line prístup: | http://is.stuba.sk/zp/portal_zp.pl?podrobnosti=169555 |
| Tagy: |
Žiadne tagy, Buďte prvý, kto otaguje tento záznam!
|
MARC
| LEADER | 00000ntm a22000003a 4500 | ||
|---|---|---|---|
| 001 | stuzp93260 | ||
| 003 | SK-STU | ||
| 005 | 20230909214504.2 | ||
| 007 | ta | ||
| 008 | 150427s2015----xo-----f-mn---000-0-slo-d | ||
| 040 | |a STU |b slo | ||
| 041 | 0 | |a eng | |
| 100 | 1 | |a Nikipelov, Artem |u 048000 |k Z3 |4 aut |U FCHPT Fakulta chemickej a potravinárskej technológie |T FCHPT Ústav organickej chémie, katalýzy a petrochémie |X 99221 |U C8000 |Y 106 |7 99221 | |
| 242 | 0 | 1 | |a Syntéza a vlastnosti analógov Romandolidu |y slo |
| 245 | 1 | 0 | |a Synthesis and properties of Romandolide analogues |
| 260 | |c 2023 | ||
| 650 | 4 | |a pižmo |2 slo | |
| 650 | 4 | |a vonné látky |2 slo | |
| 650 | 4 | |a Romandolid |2 slo | |
| 650 | 4 | |a syntéza |2 slo | |
| 650 | 4 | |a senzorická analýza |2 slo | |
| 650 | 4 | |a musk |2 eng | |
| 650 | 4 | |a fragrances |2 eng | |
| 650 | 4 | |a Romandolide |2 eng | |
| 650 | 4 | |a synthesis |2 eng | |
| 650 | 4 | |a sensory analysis |2 eng | |
| 700 | 1 | |a Szolcsányi, Peter |u 048140 |k Z1 |4 ths |U FCHPT Ústav organickej chémie, katalýzy a petrochémie |T FCHPT Oddelenie organickej chémie |X 3952 |U C8140 |Y 124 |7 A000003952 | |
| 856 | 4 | |u http://is.stuba.sk/zp/portal_zp.pl?podrobnosti=169555 | |